| 000 | 00395nam a2200169Ia 4500 | ||
|---|---|---|---|
| 001 | 38393 | ||
| 005 | 20240114002008.0 | ||
| 007 | ta | ||
| 008 | 070718s a g b000 u u | ||
| 082 |
_a900 _bS 61 D |
||
| 100 | _aMandal, . | ||
| 245 | 0 |
_aDimension in Geography / _cSingha &Mandal. _hTextual Documents |
|
| 300 | _bill ; | ||
| 653 | _aGeography | ||
| 942 |
_2ddc _cBK |
||
| 999 |
_c38367 _d38367 |
||